000
00312nam a2200133Ia 4500
100
_a
John/J.E.A
942
_c
BK
654
_a
mechanics
245
_a
Introduction to Fluid Mechanics and fluid machines
260
_b
prentice hall
_a
New Delhi
_c
1983
082
_a
532
_b
SOM
300
_a
1983
546
_a
ENGLISH
999
_c
23068
_d
23068